000 01099cab a2200289 4500
001 ABS49641
008 090401t1993 xxu||||| |||| 00| 0 eng d
035 _a(Sirsi) u72073
041 _aeng
100 _aSydenham, A.
245 _aByelaws and the foreshore
260 _c1993
350 _a0
490 _aCountry Landowner
_vNovember 1993, 14(1)
520 _aHighlights the main questions in "Anderson v Alnwick DC" (Abs49166); the validity of the byelaw under Public Health Amendment Act 1907 s82 to prevent digging for bait, the status of a map showing high and low water marks in connection with the byelaw, the judicial definition of low water and digging for bait as an ancillary right to the public right to fish.
650 _aBYE-LAWS
650 _aFISHING BAIT
650 _aFORESHORE
650 _aHIGH WATER MARK
650 _aLOW WATER MARK
650 _aLOW WATER MEAN MERIDIAN TIDES
650 _aORDNANCE SURVEY MAP
650 _aPUBLIC HEALTH AMENDMENT ACT 1907 S82
690 _aHIGHWAYS RIGHTS OF WAY AND EASEMENTS
942 _n0
948 _c04/03/1997
999 _c45475
_d45475